LEADER 01054nam0 2200289 i 450 001 SUN0001396 005 20111013092829.282 010 $a88-14-06581-0 020 $aIT$b98 1555 100 $a20020701d1997 |0itac50 ba 101 $aita 102 $aIT 105 $a|||| ||||| 200 1 $aˆLe ‰assicurazioni fideiussorie$fClaudio Russo 210 $aMilano$cGiuffrè$d1997 215 $aXIII, 177 p.$d24 cm. 410 1$1001SUN0008864$12001 $aˆIl ‰diritto della banca e della borsa$v25$1210 $aMilano$cGiuffrè. 606 $aAssicurazioni fideiussorie$xDiritto$2FI$3SUNC001009 620 $dMilano$3SUNL000284 676 $a346.4508684$v21 700 1$aRusso$b, Claudio$3SUNV001415$0145127 712 $aGiuffrè$3SUNV001757$4650 801 $aIT$bSOL$c20181231$gRICA 912 $aSUN0001396 950 $aUFFICIO DI BIBLIOTECA DEL DIPARTIMENTO DI GIURISPRUDENZA$d00CONS VI.Ef.23 $e00 12073 20030210 996 $aAssicurazioni fideiussorie$9698202 997 $aUNICAMPANIA LEADER 00855nam0-22002771i-450 001 990004441600403321 005 20221019093207.0 035 $a000444160 035 $aFED01000444160 035 $a(Aleph)000444160FED01 035 $a000444160 100 $a19990530d1887----km-y0itay50------ba 101 0 $aita 102 $aIT 105 $ay-------001yy 200 1 $a<>pace del 1796 tra le due Sicilie e la Francia$eStudiata sui documenti dell'Archivo di Stato di Napoli$fBenedetto Maresca 210 $aNapoli$cTip. Nicola Jovene$d1887 215 $aVI, 248 p.$d25 cm 700 1$aMaresca,$bBenedetto$0177000 801 0$aIT$bUNINA$gRICA$2UNIMARC 901 $aBK 912 $a990004441600403321 952 $a7/III E 51$bbibl.18972$fFLFBC 959 $aFLFBC 996 $aPace del 1796 tra le due Sicilie e la Francia$9543589 997 $aUNINA